000 00249nam a2200109Ia 4500
008 200302s9999 xx 000 0 und d
100 _aA W P Kettless
245 _aWoodwork pattern Book
260 _bBatsford, London
260 _c2007
300 _a239
999 _c4495
_d4495